All Capitals of France in History Quiz - Statistics

General Stats
  • This quiz has been taken 47 times
    42 since last reset
  • The average score is 5 of 16
Answer Stats
Period Capital % Correct
508-768 Paris
100%
1940-1944 Vichy
71%
1682-1715 Versailles
68%
1914 Bordeaux
61%
1933-1944 Algiers
37%
795-843 Aachen
34%
1422-1498 Tours
32%
1940-1943 Brazzaville
11%
843-987 Laon
8%
486-508 Soissons
8%
1417-1422 Troyes
8%
1944 Bayeux
5%
1940 Clermont-Ferrand
5%
431-486 Tournai
5%
1498-1528 Blois
3%
Before 431 Duisburg
3%
No matching quizzes found
Score Distribution
Percent of People with Each Score
Percentile by Number Answered
Your Score History
You have not taken this quiz since the last reset